FUTEBOL RAIZ DE SP - Statistics

Estatísticas Gerais
  • Esse quiz foi jogado 11 vezes
  • A pontuação média é 11 de 16
Estatísticas das Respostas
Imagem Resposta % Correto
Catanduva
100%
Ferroviaria
100%
Gremio Barueri
100%
Guaratingueta
100%
Mogi Mirim
100%
Barcelona
90%
Oeste
90%
Rio Branco
90%
Votuporanguense
60%
Atletico Mogi
50%
Desportivo Brasil
50%
ECUS
40%
Radium
40%
Uniao Suzano
30%
Votoraty
20%
Paulinense
10%
Nenhum quiz correspondente encontrado
Distribuição das Pontuações
Porcentagem de Pessoas com Cada Pontuação
Percentil de Números Respondidos
Sua Pontuação Histórica
Você não jogou esse quiz